La chambre rouge. (Record no. 93848)
[ view plain ]
| 000 -LEADER | |
|---|---|
| fixed length control field | 00602cam1a220020500 4500 |
| 001 - CONTROL NUMBER | |
| control field | tmp15345903 |
| 003 - CONTROL NUMBER IDENTIFIER | |
| control field | UPRA |
| 005 - DATE AND TIME OF LATEST TRANSACTION | |
| control field | 20190819083633.0 |
| 008 - FIXED-LENGTH DATA ELEMENTS--GENERAL INFORMATION | |
| fixed length control field | 950801s1973 fr fre u |
| 035 ## - SYSTEM CONTROL NUMBER | |
| System control number | (Sirsi) r84451 |
| 035 ## - SYSTEM CONTROL NUMBER | |
| System control number | (UPRA)tmp15345903 |
| 040 ## - CATALOGING SOURCE | |
| Transcribing agency | UPRA |
| 100 2# - MAIN ENTRY--PERSONAL NAME | |
| Personal name | Mallet-Joris, Francoise, 1930- |
| Dates associated with a name | Mallet-Joris, Francoise, 1930- |
| Linkage | A44309.1 |
| 245 13 - TITLE STATEMENT | |
| Title | La chambre rouge. |
| 260 ## - PUBLICATION, DISTRIBUTION, ETC. | |
| Place of publication, distribution, etc. | [Paris : |
| Name of publisher, distributor, etc. | Editions j'ai lu, |
| Date of publication, distribution, etc. | 1973] |
| 440 #0 - SERIES STATEMENT/ADDED ENTRY--TITLE | |
| Title | J'ai lu ; |
| Volume/sequential designation | 301 |
| Linkage | S7288.1 |
| 500 ## - GENERAL NOTE | |
| General note | First published in 1955. |
| 949 ## - LOCAL PROCESSING INFORMATION (OCLC) | |
| a | PQ2625.A7124 |
| w | lcc |
| i | -117428 |
| m | MAIN |
| t | BOOK |
| l | ON-SHELF |
No items available.